Statistics for 2013 Year in Review

Click here to take the quiz!

General Stats

  • This quiz has been taken 31,732 times
    (21,591 since last reset)
  • The average score is 12 of 22

Answer Stats

ClueAnswer% Correct
Movie: Let It GoFrozen
80%
Virtual currency that briefly reached $1,000Bitcoin
76%
The new popeFrancis
76%
Song: "Royals"Lorde
71%
Song: "Blurred Lines"Robin Thicke
69%
Name of William and Kate's royal babyGeorge
66%
Song: "Thrift Shop"Macklemore
64%
Addictive video game about destroying confectionaryCandy Crush
63%
U.S. government agency that spied on pretty much everyoneNSA
60%
Whistleblower who revealed the aboveEdward Snowden
59%
Country where chemical weapons were usedSyria
59%
Song: "Get Lucky"Daft Punk
59%
Major U.S. city that went bankruptDetroit
58%
Sporting event that was bombedBoston Marathon
56%
First British man to win a Wimbledon single's title in 77 yearsAndy Murray
54%
TV show: "Heisenberg"Breaking Bad
50%
Country where President Morsi was overthrown by a coupEgypt
49%
Typhoon Haiyan killed 6,300 in this countryPhilippines
44%
Movie: Space Shuttle disasterGravity
42%
Movie: Giant monster-fighting robotsPacific Rim
33%
Country that joined the EUCroatia
29%
TV show: 50th anniversary (UK)Doctor Who
28%

Score Distribution

Percentile by Number Answered

Percent of People with Each Score

Your Score History

You have not taken this quiz since the last reset